| 000 | 01412nam a2200337Ia 4500 | ||
|---|---|---|---|
| 001 | ebr10523751 | ||
| 003 | CaPaEBR | ||
| 006 | m u | ||
| 007 | cr cn||||||||| | ||
| 008 | 030910s2003 miu sb s001 0 eng d | ||
| 010 | _z 2003020164 | ||
| 020 | _z0870136968 | ||
| 020 | _z9780870136962 | ||
| 020 | _z9780870139529 | ||
| 040 |
_aCaPaEBR _cCaPaEBR |
||
| 035 | _a(OCoLC)162128075 | ||
| 050 | 1 | 4 |
_aBV652.97.U6 _bS38 2003eb |
| 100 | 1 |
_aSchultze, Quentin J. _q(Quentin James), _d1952- |
|
| 245 | 1 | 0 |
_aChristianity and the mass media in America _h[electronic resource] : _btoward a democratic accommodation / _cQuentin J. Schultze. |
| 260 |
_aEast Lansing, MI : _bMichigan State University Press, _cc2003. |
||
| 300 | _aviii, 440 p. | ||
| 490 | 1 | _aRhetoric and public affairs series | |
| 504 | _aIncludes bibliographical references (p. 353-422) and index. | ||
| 533 |
_aElectronic reproduction. _bPalo Alto, Calif. : _cebrary, _d2013. _nAvailable via World Wide Web. _nAccess may be limited to ebrary affiliated libraries. |
||
| 650 | 0 |
_aMass media in religion _zUnited States. |
|
| 650 | 0 |
_aMass media _xReligious aspects _xChristianity. |
|
| 655 | 7 |
_aElectronic books. _2local |
|
| 710 | 2 | _aebrary, Inc. | |
| 830 | 0 | _aRhetoric and public affairs series. | |
| 856 | 4 | 0 |
_uhttp://site.ebrary.com/lib/rucke/Doc?id=10523751 _zAn electronic book accessible through the World Wide Web; click to view |
| 999 |
_c143304 _d143304 |
||